تفاصيل مارك
| 000 -LEADER |
| fixed length control field |
05574namaa22004331i 4500 |
| 003 - CONTROL NUMBER IDENTIFIER |
| control field |
EG-GICUC |
| 005 - أخر تعامل مع التسجيلة |
| control field |
20260422130213.0 |
| 008 - FIXED-LENGTH DATA ELEMENTS--GENERAL INFORMATION |
| fixed length control field |
260408s2025 ua a|||frm||| 000 0 eng d |
| 040 ## - CATALOGING SOURCE |
| Original cataloguing agency |
EG-GICUC |
| Language of cataloging |
eng |
| Transcribing agency |
EG-GICUC |
| Modifying agency |
EG-GICUC |
| Description conventions |
rda |
| 041 0# - LANGUAGE CODE |
| Language code of text/sound track or separate title |
eng |
| Language code of summary or abstract |
eng |
| -- |
ara |
| 049 ## - Acquisition Source |
| Acquisition Source |
Deposit |
| 082 04 - DEWEY DECIMAL CLASSIFICATION NUMBER |
| Classification number |
624.1834 |
| 092 ## - LOCALLY ASSIGNED DEWEY CALL NUMBER (OCLC) |
| Classification number |
624.1834 |
| Edition number |
21 |
| 097 ## - Degree |
| Degree |
M.Sc |
| 099 ## - LOCAL FREE-TEXT CALL NUMBER (OCLC) |
| Local Call Number |
Cai01.13.05.M.Sc.2025.Zy.P |
| 100 0# - MAIN ENTRY--PERSONAL NAME |
| Authority record control number or standard number |
Zyad Mohamed Saad Morssy Saleh, |
| Preparation |
preparation. |
| 245 10 - TITLE STATEMENT |
| Title |
Properties of concrete incorporating recycled lightweight aggregate from autoclaved aerated concrete (AAC) / |
| Statement of responsibility, etc. |
by Zyad Mohamed Saad Morssy Saleh ; Supervisors Prof. Dr. Hatem Hassan Ali Ibrahim, Prof. Dr. Mohamed Karam Hussein Ismail. |
| 246 15 - VARYING FORM OF TITLE |
| Title proper/short title |
خصائص الخرسانة المحتوية على ركام خفيف المعاد تدويره من الخرسانة الخلوية (Autoclave Aerated Concrete-AAC) |
| 264 #0 - PRODUCTION, PUBLICATION, DISTRIBUTION, MANUFACTURE, AND COPYRIGHT NOTICE |
| Date of production, publication, distribution, manufacture, or copyright notice |
2025, |
| 300 ## - PHYSICAL DESCRIPTION |
| Extent |
80 pages : |
| Other physical details |
illustrations ; |
| Dimensions |
25 cm. + |
| Accompanying material |
CD. |
| 336 ## - CONTENT TYPE |
| Content type term |
text |
| Source |
rda content |
| 337 ## - MEDIA TYPE |
| Media type term |
Unmediated |
| Source |
rdamedia |
| 338 ## - CARRIER TYPE |
| Carrier type term |
volume |
| Source |
rdacarrier |
| 502 ## - DISSERTATION NOTE |
| Dissertation note |
Thesis (M.Sc)-Cairo University, 2025. |
| 504 ## - BIBLIOGRAPHY, ETC. NOTE |
| Bibliography, etc. note |
Bibliography: pages 75-80. |
| 520 #3 - SUMMARY, ETC. |
| Summary, etc. |
This study evaluates recycled autoclave-aerated concrete aggregate (AACA) as a <br/>sustainable substitute for natural coarse aggregate (NCA) in structural concrete. Sixteen <br/>mixtures spanning 0–100% AACA were produced, including optimized variants with <br/>silica fume (SF), tuned coarse-to-fine aggregate ratios (C/F), and hooked/corrugated steel <br/>fibers. A comprehensive program measured slump, dry density, <br/>compressive/splitting/flexural strengths, UPV, Schmidt rebound, water absorption, <br/>sorptivity, abrasion, and impact on cylinders and beams. Embodied energy for manual <br/>AACA processing was quantified experimentally via real-time metabolic energy <br/>expenditure to enable an energy-based sustainability appraisal. Increasing AACA <br/>generally reduced mechanical performance and increased transport properties. Targeted <br/>optimization mitigated penalties: SF densified the paste/ITZ and lowered transport, C/F <br/>tuning improved packing and reduced capillary connectivity, and steel fibers enhanced <br/>post-crack behavior and impact resistance. Select 75% AACA + 1% steel-fiber mixes <br/>achieved f′c ≥ 17 MPa with density < 1920 kg/m³ (meeting ACI 213R-14 lightweight <br/>criteria), while several ~30–50% AACA mixes met the CSA A23.1/23.3 structural <br/>strength threshold (f′c ≥ 20 MPa) within semi-lightweight density bands (1850–2150 <br/>kg/m³), supporting AACA’s use in lightweight/semi-lightweight applications when <br/>paired with moisture control, SF, C/F optimization, and fibers. |
| 520 #3 - SUMMARY, ETC. |
| Summary, etc. |
تبحث هذه الدراسة جدوى استخدام ركام الخرسانة الخلوية المُعالجة بالأوتوكلاف والمعاد تدويره (AACA) كبديل مستدام للركام الخشن الطبيعي في الخرسانة الإنشائية. تم تطوير 16 خلطة خرسانية بنسب إحلال مختلفة لـ AACA (من 0% إلى 100%)، مع تطبيق تحسينات من خلال استخدام غبار السيليكا (SF)، وتعديل نسبة الركام الخشن إلى الناعم (C/F)، وتسليح الخلطات بألياف فولاذية خطّافية ومموجة.شمل التقييم خصائص الخرسانة في حالتيها الطازجة والمتصلدة، بما في ذلك: الهبوط، الكثافة الجافة، مقاومة الضغط، الشد غير المباشر، الانثناء، سرعة الموجات فوق الصوتية (UPV)، رقم ارتداد شميدت، الامتصاص الكلي، الامتصاصية الشعرية، مقاومة البري، ومقاومة الصدم. كما تم قياس الطاقة المطلوبة لإعادة تدوير AACA تجريبيًا لتحليل الجدوى البيئية.أظهرت النتائج أن زيادة نسبة إحلال AACA تؤدي إلى تراجع في الأداء الميكانيكي وارتفاع في النفاذية نتيجة لبنيته الخلوية عالية المسامية. ومع ذلك، ساهمت استراتيجيات التحسين (SF، الألياف الفولاذية، ضبط C/F) في تقليل هذه الآثار وتحقيق تحسّن في الأداء، مما يجعلها مناسبة لمتطلبات الخرسانة خفيفة الوزن. كما أثبتت خلطات أخرى فعالية مقبولة للاستخدامات الإنشائية. |
| 530 ## - ADDITIONAL PHYSICAL FORM AVAILABLE NOTE |
| Issues CD |
Issues also as CD. |
| 546 ## - LANGUAGE NOTE |
| Text Language |
Text in English and abstract in Arabic & English. |
| 650 #0 - SUBJECT ADDED ENTRY--TOPICAL TERM |
| Topical term or geographic name entry element |
Autoclaved aerated concrete |
| 650 #0 - SUBJECT ADDED ENTRY--TOPICAL TERM |
| Topical term or geographic name entry element |
الخرسانة الخلوية المعالجة بالبخار المضغوط |
| 653 #1 - INDEX TERM--UNCONTROLLED |
| Uncontrolled term |
autoclaved aerated concrete aggregates |
| -- |
lightweight concrete |
| -- |
supplementary cementitious materials |
| -- |
steel fibers; mechanical properties |
| -- |
durability |
| -- |
sustainability |
| -- |
الركام الخرساني الخلوي المعالج بالأوتوكلاف |
| -- |
الخرسانة خفيفة الوزن |
| 700 0# - ADDED ENTRY--PERSONAL NAME |
| Personal name |
Hatem Hassan Ali Ibrahim |
| Relator term |
thesis advisor. |
| 700 0# - ADDED ENTRY--PERSONAL NAME |
| Personal name |
Mohamed Karam Hussein Ismail |
| Relator term |
thesis advisor. |
| 900 ## - Thesis Information |
| Grant date |
01-01-2025 |
| Supervisory body |
Hatem Hassan Ali Ibrahim |
| -- |
Mohamed Karam Hussein Ismail |
| Discussion body |
Osama Abdelghafour Hodhod |
| -- |
Amr Amin El-Hefnawy |
| Universities |
Cairo University |
| Faculties |
Faculty of Engineering |
| Department |
Department of Structural Engineering |
| 905 ## - Cataloger and Reviser Names |
| Cataloger Name |
Shimaa |
| Reviser Names |
Eman Ghareb |
| 942 ## - ADDED ENTRY ELEMENTS (KOHA) |
| Source of classification or shelving scheme |
Dewey Decimal Classification |
| Koha item type |
Thesis |
| Edition |
21 |
| Suppress in OPAC |
No |